| 000 | 00560nam a22001817a 4500 | ||
|---|---|---|---|
| 003 | OSt | ||
| 005 | 20240702082801.0 | ||
| 008 | 240702b |||||||| |||| 00| 0 eng d | ||
| 020 | _a978-621-416-065-5 | ||
| 040 |
_aDWC- Main Lib _cOC |
||
| 082 | _aFil. 657.044 V172i 2019 | ||
| 100 | _aValix T. Conrado | ||
| 245 |
_aIntermediate accounting 2019 : _bvolume 3 / _cValix T. Conrado |
||
| 260 |
_aManila, Philippines: _bGIC Enterprises & CO., Inc. _cc2019. |
||
| 300 |
_a743 pages : _billustrations ; _c23cm. |
||
| 650 | _a1. Accounting | ||
| 942 |
_2ddc _cBK - FIL _n1 |
||
| 999 |
_c1832 _d1832 |
||